| 000 | 00000nam##2200000za#4500 |
| 001 | 9.697888 |
| 003 | CaOODSP |
| 005 | 20210624235700 |
| 007 | cr ||||||||||| |
| 008 | 150407|2011||||xxc|||||o f|0| 0 eng|d |
| 020 | |a978-1-896997-80-3 |
| 040 | |aCaOODSP|beng |
| 043 | |an-cn--- |
| 086 | 1 |aEn108-4/61-2011E-PDF |
| 110 | 1 |aCanada.|bCanadian Council of Ministers of the Environment. |
| 245 | 10|aSelected tools to evaluate water monitoring networks for climate change adaptation |h[electronic resource] |
| 260 | |aWinnipeg - Manitoba : |bCanadian Council of Ministers of the Environment |cc2011. |
| 300 | |a164p.|bcoloured figs., glossary, references, tables |
| 590 | |a13-13-Supp|b2013-05-21 |
| 690 | 07|aGuidelines|2gcpds |
| 690 | 07|aHazardous waste|2gcpds |
| 690 | 07|aWaste management|2gcpds |
| 775 | 08|tSélection d'outils pour l'évaluation des réseaux de surveillance de l'eau aux fins de l'adaptation aux changements climatiques |w(CaOODSP)9.641878 |
| 856 | 40|ahttp://publications.gc.ca|qPDF|s1350 KB|uhttps://publications.gc.ca/collections/collection_2013/ccme/En108-4-61-2011-eng.pdf |
| 986 | |aPN 1464 |